[Event "Hessen-chC"]
[Site "Frankfurt"]
[Date "2018.05.10"]
[Round "2"]
[White "Graef, Britta"]
[Black "Jayakumar, Sharun"]
[Result "0-1"]
[WhiteElo "856"]
[BlackElo "1212"]
[PlyCount "58"]
[EventDate "2018.05.10"]
[EventType "swiss"]
[EventRounds "7"]
[EventCountry "GER"]
[SourceTitle "EXT 2019"]
[Source "ChessBase"]
[SourceDate "2018.10.10"]
[SourceVersion "1"]
[SourceVersionDate "2018.10.10"]
[SourceQuality "1"]

1. d4 Nf6 2. Bf4 g6 3. e3 Bg7 4. Bd3 d6 5. h3 Nc6 6. Ne2 0-0 7. 0-0 e5 8. dxe5 dxe5 9. Bh2 Re8 10. Nd2 Be6 11. Rb1 a6 12. b3 b5 13. Ne4 Qe7 14. Nxf6+ Qxf6 15. Be4 Bf5 16. Bd3 e4 17. Ng3 exd3 18. Nxf5 Qxf5 19. cxd3 Rac8 20. Rc1 Qd7 21. Qf3 Ne5 22. Qb7 a5 23. Qa6 a4 24. f4 Nxd3 25. Rcd1 Rcd8 26. Qa5 axb3 27. axb3 Rxe3 28. Qd2 Bd4 29. Rf3 Re1# 0-1

[Event "Karl Mala Memorial op-B 17th"]
[Site "Frankfurt"]
[Date "2014.08.03"]
[Round "7"]
[White "Dietrich, Klaus"]
[Black "Jayakumar, Sharun"]
[Result "1-0"]
[WhiteElo "775"]
[BlackElo "840"]
[PlyCount "39"]
[EventDate "2014.07.31"]
[EventType "swiss"]
[EventRounds "7"]
[EventCountry "GER"]
[SourceTitle "EXT 2015"]
[Source "ChessBase"]
[SourceDate "2014.11.20"]
[SourceVersion "1"]
[SourceVersionDate "2014.11.20"]
[SourceQuality "1"]

1. e4 e5 2. Nf3 Nc6 3. Nc3 Nf6 4. d3 d6 5. Be3 Be6 6. Be2 Qd7 7. 0-0 0-0-0 8. d4 exd4 9. Nxd4 d5 10. Bf3 dxe4 11. Bxe4 Nxe4 12. Nxc6 Nxc3 13. Nxa7+ Kb8 14. bxc3 Qd5 15. Qxd5 Rxd5 16. Rad1 Rxd1 17. Rxd1 Be7 18. Nb5 c6 19. Bf4+ Kc8 20. Na7# 1-0

[Event "Karl Mala Memorial op-B 17th"]
[Site "Frankfurt"]
[Date "2014.08.02"]
[Round "5"]
[White "Jayakumar, Sharun"]
[Black "Haller, Andreas"]
[Result "0-1"]
[WhiteElo "840"]
[BlackElo "774"]
[PlyCount "40"]
[EventDate "2014.07.31"]
[EventType "swiss"]
[EventRounds "7"]
[EventCountry "GER"]
[SourceTitle "EXT 2015"]
[Source "ChessBase"]
[SourceDate "2014.11.20"]
[SourceVersion "1"]
[SourceVersionDate "2014.11.20"]
[SourceQuality "1"]

1. e4 e5 2. Nf3 Nc6 3. Bc4 Bc5 4. Nc3 Nf6 5. d3 h6 6. a3 a5 7. Bd2 0-0 8. 0-0 d6 9. Re1 Nh5 10. Nxe5 Qh4 11. Nf3 Qxf2+ 12. Kh1 Bg4 13. Rg1 Bxf3 14. Qxf3 Qxd2 15. Qxh5 Bxg1 16. Rxg1 Qxc2 17. Nd5 Ne5 18. Ne7+ Kh8 19. Bd5 Nxd3 20. Bxf7 Nf2# 0-1

[Event "Karl Mala Memorial op-B 16th"]
[Site "Frankfurt"]
[Date "2013.07.14"]
[Round "7"]
[White "Fredershausen, Kurt"]
[Black "Jayakumar, Sharun"]
[Result "1/2-1/2"]
[WhiteElo "1132"]
[BlackElo "771"]
[PlyCount "46"]
[EventDate "2013.07.11"]
[EventType "swiss"]
[EventRounds "7"]
[EventCountry "GER"]
[SourceTitle "CBM 155 Extra"]
[Source "ChessBase"]
[SourceDate "2013.08.26"]
[SourceVersion "1"]
[SourceVersionDate "2013.08.26"]
[SourceQuality "1"]

1. d4 g6 2. c4 Bg7 3. Nc3 Nf6 4. e3 0-0 5. Nf3 d6 6. Be2 Nc6 7. a3 Bd7 8. h3 Re8 9. 0-0 e5 10. Re1 e4 11. Nd2 Be6 12. d5 Bd7 13. dxc6 Bxc6 14. Nf1 d5 15. b3 dxc4 16. Bxc4 Qxd1 17. Rxd1 Nh5 18. Ra2 Bxc3 19. a4 Bg7 20. Bb2 Nf6 21. Bd4 Rad8 22. Rad2 Rd7 23. Be2 Red8 1/2-1/2